Normal view
MARC view
- Writing
Entry Topical Term
001 - CONTROL NUMBER
- control field: 7320
003 - CONTROL NUMBER IDENTIFIER
- control field: OSt
005 - DATE AND TIME OF LATEST TRANSACTION
- control field: 20170523153316.0
008 - FIXED-LENGTH DATA ELEMENTS
- fixed length control field: 170523|| aca||aabn | a|a d
040 ## - CATALOGING SOURCE
- Original cataloging agency: OSt
- Transcribing agency: OSt
150 ## - HEADING--TOPICAL TERM
- Topical term or geographic name entry element: Writing
- General subdivision: Materials and instruments
- General subdivision: Collectors and collecting.
670 ## - SOURCE DATA FOUND
- Source citation: Work cat.: (OSt): Marshall, Jim. 7318, Pens & writing equipment : , 1999

PORTAL AKMAL
E-MEL JKDM
AKMAL2U
G-BAM
u-PUSTAKA